00529cam a2200229 i 45000010005000000030009000050050017000140070005000310080040000360150006000760170009000820200006000910350006000970400025001030800006001281000029001342400009001632450050001722600042002223000026002648300009002900500DO-SdBNP20180124150525.00500100514s 19uu xxu | |||| 000 f spa  a  a b  a  a  aBPMSUbspacBPMSUe  a 1 aVerne, Julio,d1828-1905 a l 13aEl faro del fin del mundo /cJulio Verne h  a[Barcelona ] :bJuventud ,c [198-?]. a155 p.: bil. ;c20 m a n